00387    a2200157   4500003000400000005001700004008004100021020001500062020001500077020001500092040000900107082001500116245003100131260004300162300002400205OSt20231207121057.0231207b        |||||||| |||| 00| 0 eng d  a8189645463  a8189645552  a8189645587  coclc  a954bSYE/W  aWorld infopaedia : India /  aNew Delhi:bPragun Publication,c2007.  a3 parts, 1344 pages